[Event "It"]
[Site "masterchessopen.com Skopje (Macedonia)"]
[Round "8"]
[White "Gheorghiu Florin (ROM)"]
[Black "Nicevski Risto (MKD)"]
[Result "1-0"]
[WhiteElo "2383"]
[BlackElo "2310"]

1.d4 Nf6 2.c4 e6 3.Nc3 Bb4 4.e3 c5 5.Bd3 O-O 6.Nf3 d5 7.O-O dxc4 8.Bxc4 Nc6
9.a3 Ba5 10.Bd3 cxd4 11.exd4 Qd6 12.Be3 h6 13.Kh1 Bb6 14.h3 Nd5 15.Nxd5 exd5
16.Bc2 Qf6 17.Qd3 Re8 18.Qh7+ Kf8 19.Rfe1 Be6 20.Ne5 g5 21.Rad1 Qg7 22.Qxg7+
Kxg7 23.Ba4 f6 24.Bxc6 bxc6 25.Nxc6 a5 26.Bd2 Bd7 27.Rxe8 Bxe8 28.Ne7 Kf7
29.Nxd5 Bxd4 30.Bc3 Bxc3 31.Nxc3 Rb8 32.Rd2 h5 33.Ne4 Bc6 34.Nxf6 Kxf6 35.Rd6+
Ke5 36.Rxc6 Rxb2 37.Rc5+ Kf6 38.h4 gxh4 39.Rxh5 Rb1+ 40.Kh2 Rb2 41.f3 Rb3
42.Rxa5 Kg6 {#r} 1-0

[Event "It"]
[Site "masterchessopen.com Skopje (Macedonia)"]
[Round "6"]
[White "Gligoric Svetozar (SRB)"]
[Black "Barczay Laszlo (HUN)"]
[Result "1/2-1/2"]
[WhiteElo "2447"]
[BlackElo "2381"]

1.d4 Nf6 2.c4 e6 3.Nc3 Bb4 4.e3 O-O 5.Bd3 d5 6.Nf3 c5 7.O-O dxc4 8.Bxc4 Nc6
9.a3 Ba5 10.Na4 cxd4 11.exd4 Nd5 12.Qd3 Bc7 13.Re1 b6 14.Nc3 Nxc3 15.bxc3 Qf6
16.Ng5 Qh6 17.h3 Qh5 18.Qe4 Bb7 19.Bd3 Na5 20.Qxh7+ Qxh7 21.Bxh7+ Kh8 22.Be4
Bxe4 23.Nxe4 Rac8 24.a4 Rfd8 25.Rb1 Kg8 26.Rb5 Bd6 27.Bg5 f6 {#d} 1/2-1/2

[Event "It"]
[Site "masterchessopen.com Skopje (Macedonia)"]
[Round "5"]
[White "Gligoric Svetozar (SRB)"]
[Black "Reshevsky Samuel H (USA)"]
[Result "1/2-1/2"]
[WhiteElo "2447"]
[BlackElo "2430"]

1.d4 Nf6 2.c4 e6 3.Nc3 Bb4 4.e3 O-O 5.Bd3 d5 6.Nf3 c5 7.O-O dxc4 8.Bxc4 Nc6
9.a3 Ba5 10.Qd3 a6 11.Ne4 b5 12.Nxf6+ Qxf6 13.Qe4 Bb7 14.Bd3 g6 15.dxc5 Nb4
16.Qe5 Qxe5 17.Nxe5 Nxd3 18.Nxd3 Rfd8 19.Ne5 Bc7 20.Nf3 Bxf3 21.gxf3 a5 22.e4
Be5 23.Rb1 b4 24.Be3 Bd4 25.Bxd4 Rxd4 26.Rfd1 Rxd1+ 27.Rxd1 bxa3 28.bxa3 Rc8
29.Rc1 Kf8 30.c6 Ke7 31.Rc5 Ra8 32.c7 Rc8 33.a4 Kd6 34.Rxa5 Rxc7 35.Kg2 Ke7
36.f4 Kf6 37.f3 Rc2+ 38.Kg3 Ra2 39.h4 h5 40.Ra7 Ra3 41.a5 Ra2 42.a6 Kg7 43.Ra8
Kf6 44.e5+ Kg7 {#d} 1/2-1/2

[Event "It \"]
[Site "masterchessopen.com Amsterdam (Netherlands)"]
[Round "0"]
[White "Portisch Lajos (HUN)"]
[Black "Smyslov Vassily (RUS)"]
[Result "1/2-1/2"]
[WhiteElo "2630"]
[BlackElo "2620"]

1.d4 Nf6 2.c4 e6 3.Nc3 Bb4 4.e3 O-O 5.Bd3 c5 6.Nf3 d5 7.O-O dxc4 8.Bxc4 Nc6
9.a3 Ba5 10.Qd3 a6 11.Rd1 b5 12.Ba2 Bb6 13.h3 c4 14.Qe2 Qc7 15.e4 e5 16.Be3
exd4 17.Nxd4 Nxd4 18.Bxd4 Bxd4 19.Rxd4 Be6 20.Rad1 Rad8 21.Qd2 Rxd4 22.Qxd4
Nd7 23.Bb1 Rb8 24.Ne2 Qb6 25.f4 f6 26.Qxb6 Nxb6 27.Rd6 Kf7 28.Nd4 Bd7 29.e5
fxe5 30.fxe5 g6 31.Be4 Be8 32.Kf2 a5 33.Kf3 b4 34.axb4 axb4 35.Kf4 b3 36.Nc6
Bxc6 37.Rxc6 Ke7 38.Rc7+ Ke6 39.Rc6+ Ke7 40.Ke3 Na4 41.Kd4 Rd8+ 42.Kxc4 Nxb2+
43.Kc3 Nd1+ 44.Kxb3 Nf2 45.Bc2 Nd3 46.Rc7+ Ke6 47.Rxh7 Kxe5 48.g3 Kf6 49.Kc3
Ne5 {#d} 1/2-1/2

[Event "Ch BRD"]
[Site "masterchessopen.com Berlin (Germany)"]
[Round "15"]
[White "Donner Jan-Hein (NED)"]
[Black "Matanovic Aleksandar (SRB)"]
[Result "1/2-1/2"]
[WhiteElo "2500"]
[BlackElo "2520"]

1.d4 Nf6 2.c4 e6 3.Nc3 Bb4 4.e3 c5 5.Bd3 O-O 6.Nf3 d5 7.O-O dxc4 8.Bxc4 Nc6
9.a3 Ba5 10.Bd3 cxd4 11.exd4 Bb6 12.Be3 Nd5 13.Qc2 h6 14.Nxd5 exd5 15.Qd2 Qf6
16.Rfe1 Bc7 {#d} 1/2-1/2

[Event "Ch BRD"]
[Site "masterchessopen.com Berlin (Germany)"]
[Round "5"]
[White "Donner Jan-Hein (NED)"]
[Black "Parma Bruno (SLO)"]
[Result "1/2-1/2"]
[WhiteElo "2500"]
[BlackElo "2530"]

1.d4 Nf6 2.c4 e6 3.Nc3 Bb4 4.e3 c5 5.Bd3 O-O 6.Nf3 d5 7.O-O dxc4 8.Bxc4 Nc6
9.a3 Ba5 10.Qd3 a6 11.Ne4 b5 12.Nxf6+ Qxf6 13.Qe4 Bb7 14.Bd3 g6 15.dxc5 Nb4
16.Qe5 Qxe5 17.Nxe5 Nxd3 18.Nxd3 Rfd8 19.Ne5 Bc7 20.Nf3 a5 21.Nd4 Be5 22.c6
Bc8 23.Rd1 Rd6 {#d} 1/2-1/2

[Event "Ch Great Britain"]
[Site "masterchessopen.com Blackpool (England)"]
[Round "1"]
[White "Ludgate Alan (IRL)"]
[Black "Wade Robert G (ENG)"]
[Result "1-0"]
[WhiteElo "2265"]
[BlackElo "2365"]

1.d4 Nf6 2.c4 e6 3.Nc3 Bb4 4.e3 c5 5.Bd3 d5 6.Nf3 O-O 7.O-O Nc6 8.a3 dxc4
9.Bxc4 Ba5 10.Qd3 a6 11.Rd1 b5 12.Ba2 c4 13.Qe2 Qe8 14.e4 e5 15.d5 Nd4 16.Nxd4
exd4 17.Rxd4 Ng4 18.Bf4 Bb6 19.Rad1 Bxd4 20.Rxd4 Ne5 21.b3 Bg4 22.f3 cxb3
23.Bxb3 Rc8 24.Qd2 Bd7 25.d6 Nc4 26.Bxc4 Rxc4 27.Nd5 Qb8 28.e5 Qa7 29.Be3 Rxd4
30.Bxd4 Qb7 31.Ne7+ Kh8 32.h3 Be6 33.Kh2 h6 34.Be3 Kh7 35.Qd3+ Kh8 36.f4 Re8
37.Bc5 Qd7 38.f5 Rxe7 39.dxe7 Bxf5 40.e8=Q+ Qxe8 41.Qxf5 Qc6 42.Bd4 Qd5
43.Qc8+ Kh7 44.Qc2+ Kg8 45.Qc5 Qe4 46.Bf2 h5 47.Qd4 {#r} 1-0

[Event "Ch Great Britain"]
[Site "masterchessopen.com Blackpool (England)"]
[Round "6"]
[White "Ludgate Alan (IRL)"]
[Black "Wright Daniel (ENG)"]
[Result "1/2-1/2"]
[WhiteElo "2265"]
[BlackElo "2235"]

1.d4 Nf6 2.c4 e6 3.Nc3 Bb4 4.e3 c5 5.Bd3 Nc6 6.Nf3 d5 7.O-O O-O 8.a3 dxc4
9.Bxc4 Ba5 10.Qd3 a6 11.Ne4 b5 12.Ba2 c4 13.Qc2 Nxe4 14.Qxe4 Bb7 15.Bd2 Bc7
16.Rad1 Qe7 17.Bb1 f5 18.Qh4 Qxh4 19.Nxh4 Rfd8 20.Nf3 Rd7 21.Bc3 g6 22.Ng5 Nd8
23.h4 h6 24.Nh3 Nf7 25.f3 {#d} 1/2-1/2

[Event "Ch Hungary"]
[Site "masterchessopen.com Budapest (Hungary)"]
[Round "0"]
[White "Farago Ivan (HUN)"]
[Black "Polgar Istvan (HUN)"]
[Result "1/2-1/2"]
[WhiteElo "2410"]
[BlackElo "2380"]

1.d4 Nf6 2.c4 e6 3.Nc3 Bb4 4.e3 c5 5.Bd3 d5 6.Nf3 O-O 7.O-O Nc6 8.a3 dxc4
9.Bxc4 Ba5 10.Na4 cxd4 11.exd4 Qd6 12.Qd3 Ne7 13.Bg5 Nfd5 14.Bxe7 Nxe7 15.Ng5
Nf5 16.Rad1 Qf4 17.Ne4 Rd8 18.g3 Qg4 19.d5 exd5 20.Bxd5 Be6 21.Nac3 Ne7
22.Bxe6 Qxe6 23.Qb5 Bb6 24.Rfe1 Qf5 25.Qxf5 Nxf5 {#d} 1/2-1/2

[Event "Tournament (team)"]
[Site "masterchessopen.com Grossenbrode (Germany)"]
[Round "1"]
[White "Bjerre Troels (DEN)"]
[Black "Saren Ilkka J (FIN)"]
[Result "1-0"]
[WhiteElo "2320"]
[BlackElo "2184"]

1.d4 Nf6 2.c4 e6 3.Nc3 Bb4 4.e3 c5 5.Bd3 d5 6.Nf3 O-O 7.O-O dxc4 8.Bxc4 Nc6
9.a3 Ba5 10.Qd3 a6 11.Ne4 b5 12.Nxf6+ Qxf6 13.Qe4 Bb7 14.Bd3 g6 15.dxc5 Rfd8
16.Be2 Nd4 17.Qxb7 Nxe2+ 18.Kh1 Nxc1 19.Raxc1 Qxb2 20.Nd4 Rdb8 21.Qf3 Rc8
22.Nc6 Bd8 23.Nxd8 Rxd8 24.c6 Qxa3 25.c7 Rdc8 26.Rfd1 Qe7 27.Qc6 b4 28.Rd7 Qf6
29.Rcd1 Kg7 30.Qd6 Qc3 31.Rd8 Qc2 32.f4 b3 33.Qf8+ Kf6 34.Qh8+ {#r} 1-0

[Event "?"]
[Site "masterchessopen.com Hastings (England)"]
[Round "0"]
[White "Gligoric Svetozar (SRB)"]
[Black "Wade Robert G (ENG)"]
[Result "1-0"]
[WhiteElo "2600"]
[BlackElo "2365"]

1.d4 Nf6 2.c4 e6 3.Nc3 Bb4 4.e3 O-O 5.Bd3 c5 6.Nf3 d5 7.O-O dxc4 8.Bxc4 Nc6
9.a3 Ba5 10.Bd3 cxd4 11.exd4 Bb6 12.Be3 Nd5 13.Nxd5 Qxd5 14.Qc2 Nxd4 15.Nxd4
Bxd4 16.Bxh7+ Kh8 17.Be4 Qd6 18.Qd1 Rd8 19.Qh5+ Kg8 20.Rad1 Qb6 21.Rxd4 Rxd4
22.Qh7+ Kf8 23.Qh8+ Ke7 24.Qxg7 {#r} 1-0

[Event "It"]
[Site "masterchessopen.com Nethanya (Israel)"]
[Round "10"]
[White "Reshevsky Samuel H (USA)"]
[Black "Parma Bruno (SLO)"]
[Result "1/2-1/2"]
[WhiteElo "2550"]
[BlackElo "2530"]

1.d4 Nf6 2.c4 e6 3.Nc3 Bb4 4.e3 c5 5.Bd3 O-O 6.Nf3 d5 7.O-O dxc4 8.Bxc4 Nc6
9.a3 Ba5 10.Bd3 cxd4 11.exd4 Bb6 12.Be3 Nd5 13.Nxd5 Qxd5 14.Qc2 Qh5 15.Rad1
Bd7 16.Be2 Qg6 17.Qxg6 hxg6 18.d5 exd5 19.Bxb6 axb6 20.Rxd5 Rfe8 21.Bb5 Be6
22.Rd2 Red8 23.Rfd1 Kf8 24.Rxd8+ Rxd8 25.Rxd8+ Nxd8 26.Ne5 Ke7 27.Nc4 Bd7
28.Bxd7 Kxd7 29.Nxb6+ Kc6 30.Nc4 Kc5 31.Ne3 Kd4 32.Kf1 Kd3 33.Ke1 Ne6 34.Kd1
Nc5 35.Nd5 Kc4 36.Nb4 Kb3 37.Kc1 g5 38.f3 f6 39.Kb1 Kc4 40.Kc2 Kd4 41.Kd2 Nb3+
42.Kc2 {#d} 1/2-1/2

[Event "It"]
[Site "masterchessopen.com Tallinn (Estonia)"]
[Round "14"]
[White "Furman Semen (RUS)"]
[Black "Wade Robert G (ENG)"]
[Result "1-0"]
[WhiteElo "2550"]
[BlackElo "2365"]

1.d4 Nf6 2.c4 e6 3.Nc3 Bb4 4.e3 c5 5.Bd3 O-O 6.Nf3 d5 7.O-O dxc4 8.Bxc4 Nc6
9.a3 Ba5 10.Bd3 Qe7 11.Ne4 Nxe4 12.Bxe4 Bb6 13.dxc5 Bxc5 14.b4 Bd6 15.Bb2 e5
16.Qc2 f5 17.Bxc6 bxc6 18.e4 fxe4 19.Qxe4 Rf4 20.Qe3 e4 21.Nd2 Bf5 22.Rfe1 Re8
23.Nf1 Rh4 24.Ng3 Bxg3 25.fxg3 Rh6 26.Rf1 Be6 27.Rac1 Bd5 28.Bd4 a6 29.Rf5 Re6
30.Rcf1 h6 31.g4 Bc4 32.R1f2 Rd8 33.h3 Qd6 34.Rd2 Qd7 35.Rf4 Bd3 36.Bc5 Re5
37.Rdf2 Bc4 38.Rxe4 Rxe4 39.Qxe4 Bd5 40.Qf4 Re8 41.g5 Re1+ 42.Kh2 hxg5 43.Qg3
Qe6 44.Qxg5 Qe5+ 45.Qxe5 Rxe5 46.g4 Re8 47.Kg3 Kh7 48.Rf5 Re4 49.Kh4 Rc4
50.Re5 Re4 51.Rh5+ Kg8 52.Rf5 Re8 53.a4 Be4 54.Rf2 Bd5 55.Rd2 Re5 56.Bd4 Re7
57.a5 Bc4 58.Bc5 Rf7 59.Rd8+ Kh7 60.Bd4 Bd5 61.b5 axb5 62.a6 c5 63.Bxc5 Bg2
64.Kg3 Bc6 65.a7 Rf3+ 66.Kh4 Rc3 67.Bf8 {#r} 1-0

[Event "Memorial A.Sokolsky"]
[Site "masterchessopen.com Minsk (Belarus)"]
[Round "0"]
[White "Podgaets Mikhail (UKR)"]
[Black "Yuferov Sergey N (RUS)"]
[Result "1-0"]
[WhiteElo "2485"]
[BlackElo "2412"]

1.d4 Nf6 2.c4 e6 3.Nc3 Bb4 4.e3 O-O 5.Bd3 c5 6.Nf3 d5 7.O-O Nc6 8.a3 dxc4
9.Bxc4 Ba5 10.Na4 cxd4 11.exd4 h6 12.Bd3 Re8 13.b4 Bc7 14.Bb2 Ne7 15.Ne5 b6
16.Qf3 Qd5 17.Qh3 Bb7 18.Rfe1 Rac8 19.Rad1 Bb8 20.Nc3 Qb3 21.Rd2 Nf5 22.Nd1
Qd5 23.Bc2 Bxe5 24.Rxe5 Qd7 25.Ne3 Nd6 26.Bb3 Nde4 27.Re2 Nc3 28.Re1 Ncd5
29.Qg3 Nxe3 30.R5xe3 Bd5 31.Bd1 Qb7 32.Qh4 Kf8 33.Rg3 Qc6 34.h3 b5 35.Ree3 Qd6
36.Rxg7 Kxg7 37.Rg3+ Qxg3 38.Qxg3+ Kh7 39.Qf4 {#r} 1-0

[Event "Zt"]
[Site "masterchessopen.com Sao Paulo (Brazil)"]
[Round "5"]
[White "Quinones Oscar C (PER)"]
[Black "Vasquez Julio E (PER)"]
[Result "1-0"]
[WhiteElo "2310"]
[BlackElo "2265"]

1.d4 Nf6 2.c4 e6 3.Nc3 Bb4 4.e3 O-O 5.Bd3 c5 6.Nf3 d5 7.O-O Nc6 8.a3 dxc4
9.Bxc4 Ba5 10.Qd3 a6 11.Rd1 b5 12.Ba2 Bb7 13.dxc5 Bxc3 14.Qc2 Qe7 15.Qxc3 Ne4
16.Qc2 Nxc5 17.Bd2 Rac8 18.Rac1 Nd7 19.Bb1 f5 20.Bc3 Nf6 21.Ba2 Ne4 22.Be1 Ne5
23.Nxe5 Rxc2 24.Rxc2 Rc8 25.Rxc8+ Bxc8 26.Ba5 h6 27.Rd8+ Kh7 28.Rh8+ {#r} 1-0

[Event "Olympiad"]
[Site "masterchessopen.com Skopje (Macedonia)"]
[Round "7"]
[White "Bisguier Arthur B (USA)"]
[Black "Medina-Garcia Antonio (ESP)"]
[Result "1/2-1/2"]
[WhiteElo "2430"]
[BlackElo "2380"]

1.c4 Nf6 2.Nc3 e6 3.Nf3 d5 4.d4 Bb4 5.e3 c5 6.Bd3 O-O 7.O-O dxc4 8.Bxc4 Nc6
9.a3 Ba5 10.Bd3 cxd4 11.exd4 Bb6 12.Be3 Nd5 13.Nxd5 Qxd5 14.Qc2 h6 15.Rad1 Qd6
16.Qc1 Qc7 17.Bf4 Qe7 18.Bb1 Rd8 19.Qc2 g6 20.Qe4 Qf6 21.Bxh6 Nxd4 22.Ne5 Qf5
23.Be3 Qxe4 24.Bxe4 Kg7 25.f4 f5 26.Bd3 Ne2+ 27.Bxe2 {#d} 1/2-1/2

[Event "Olympiad"]
[Site "masterchessopen.com Skopje (Macedonia)"]
[Round "6"]
[White "Cassidy Raymond"]
[Black "Takahashi Takayoshi (JPN)"]
[Result "0-1"]
[WhiteElo "2200"]
[BlackElo "2205"]

1.c4 e6 2.Nc3 d5 3.d4 Nf6 4.Nf3 Bb4 5.e3 c5 6.a3 Ba5 7.Bd3 dxc4 8.Bxc4 O-O
9.O-O Nc6 10.Qd3 Qe7 11.Ne5 Rd8 12.Nxc6 bxc6 13.Qe2 cxd4 14.exd4 Bb6 15.Be3
Bxd4 16.Bxd4 Rxd4 17.Rad1 Rxd1 18.Rxd1 Bb7 19.Ba6 Nd5 20.Bxb7 Qxb7 21.Nxd5
cxd5 22.Rc1 Rc8 23.Rxc8+ Qxc8 24.g3 g6 25.Qe5 a6 26.h4 h5 27.b4 Qd7 28.Kf1
Qb5+ 29.Ke1 Qd3 30.Qb8+ Kh7 31.Qf8 Qf3 32.a4 d4 33.Qd6 d3 34.Qe5 Qc6 35.Qc5
Qxa4 36.Qf8 Qd7 37.Kd2 e5 38.Qa8 Qd4 39.Qf8 Qd5 40.Qc8 e4 41.Qxa6 Qd4 {#R} 0-1

[Event "Olympiad"]
[Site "masterchessopen.com Skopje (Macedonia)"]
[Round "13"]
[White "Ogaard Leif (NOR)"]
[Black "Wade Robert G (ENG)"]
[Result "0-1"]
[WhiteElo "2340"]
[BlackElo "2375"]

1.d4 Nf6 2.c4 e6 3.Nf3 d5 4.Nc3 Bb4 5.e3 c5 6.Bd3 O-O 7.O-O dxc4 8.Bxc4 Nc6
9.a3 Ba5 10.Qd3 a6 11.Rd1 b5 12.Ba2 c4 13.Qe2 Qe8 14.e4 e5 15.d5 Nd4 16.Nxd4
exd4 17.Rxd4 Qe5 18.Be3 Ng4 19.f4 Qb8 20.Rad1 Bb6 21.Bb1 Re8 22.e5 Nxe3
23.Qxe3 Bb7 24.Kh1 Bxd4 25.Rxd4 Qa7 26.Qe4 g6 27.Qe3 Rad8 28.Ne4 Bxd5 29.Nf6+
Kf8 30.Be4 Bc6 31.f5 Qxd4 32.Qh6+ Ke7 {#R} 0-1

[Event "Olympiad"]
[Site "masterchessopen.com Skopje (Macedonia)"]
[Round "2"]
[White "Vasquez Julio E (PER)"]
[Black "Gonda Gentaro (JPN)"]
[Result "1-0"]
[WhiteElo "2265"]
[BlackElo "2078"]

1.d4 Nf6 2.c4 e6 3.Nc3 Bb4 4.e3 c5 5.Nf3 O-O 6.Bd3 d5 7.O-O dxc4 8.Bxc4 Nc6
9.a3 Ba5 10.Na4 cxd4 11.exd4 a6 12.Bd3 b5 13.Nc5 h6 14.Bf4 b4 15.Rc1 Ne7
16.Qe2 Ned5 17.Be5 bxa3 18.bxa3 Nc3 19.Rxc3 Bxc3 20.Bxf6 gxf6 21.Qe4 f5
22.Qxa8 Bxd4 23.Nxd4 Qxd4 24.Qc6 e5 25.Bxa6 {#r} 1-0

[Event "Olympiad"]
[Site "masterchessopen.com Skopje (Macedonia)"]
[Round "5"]
[White "Vasquez Julio E (PER)"]
[Black "Wade Robert G (ENG)"]
[Result "1/2-1/2"]
[WhiteElo "2265"]
[BlackElo "2375"]

1.d4 Nf6 2.Nf3 e6 3.c4 d5 4.Nc3 Bb4 5.e3 O-O 6.Bd3 c5 7.O-O dxc4 8.Bxc4 Nc6
9.a3 Ba5 10.Ne2 cxd4 11.Nexd4 Bd7 12.b4 Bc7 13.Bb2 Qe7 14.Nxc6 Bxc6 15.Ne5 Bd5
16.Rc1 Rfc8 17.Qe2 a5 18.bxa5 Rxa5 19.Bxd5 Rxd5 20.e4 Rdd8 21.Ng4 Nxg4 22.Qxg4
f6 23.Rfd1 Bb6 24.Qe2 Rxc1 {#d} 1/2-1/2

[Event "It (a)"]
[Site "masterchessopen.com Wijk aan Zee (Netherlands)"]
[Round "7"]
[White "Timman Jan H (NED)"]
[Black "Langeweg Kick (NED)"]
[Result "1/2-1/2"]
[WhiteElo "2480"]
[BlackElo "2425"]

1.d4 Nf6 2.c4 e6 3.Nc3 Bb4 4.e3 c5 5.Bd3 O-O 6.Nf3 d5 7.O-O dxc4 8.Bxc4 Nc6
9.a3 Ba5 10.Na4 cxd4 11.exd4 h6 12.Qd3 Bc7 13.Rd1 b6 14.Nc3 Ne7 15.Ne5 Ned5
16.Nxd5 Nxd5 17.Qg3 Kh8 18.Rd3 Ne7 19.Qf3 Bxe5 20.Qxa8 Bxh2+ 21.Kxh2 Qc7+
22.Bf4 Qxc4 23.Qf3 Qd5 24.Rc1 Qxf3 25.Rxf3 Bb7 26.Rb3 Nd5 27.Be5 f6 28.Bg3 Kg8
29.f3 Kf7 30.a4 a5 31.Rc5 Rc8 32.Rxa5 bxa5 33.Rxb7+ Kg6 34.Bd6 Rc4 35.Bf8 h5
36.Rxg7+ Kf5 37.b3 Rxd4 38.Ra7 Rd3 39.Rxa5 Rxb3 40.Rb5 Rc3 41.a5 Rc2 42.Ba3
Rc4 43.Bb2 Ra4 44.Rc5 Kg6 45.Bc1 Ra2 46.Kh3 Kf7 47.Rb5 {#d} 1/2-1/2

[Event "Ch Poland"]
[Site "masterchessopen.com Wroclaw (Poland)"]
[Round "4"]
[White "Gasiorowski Ryszard (POL)"]
[Black "Adamski Jan (POL)"]
[Result "0-1"]
[WhiteElo "2230"]
[BlackElo "2370"]

1.d4 Nf6 2.c4 e6 3.Nc3 Bb4 4.e3 O-O 5.Bd3 c5 6.Nf3 d5 7.O-O dxc4 8.Bxc4 Nc6
9.a3 Ba5 10.Qd3 a6 11.Rd1 b5 12.Ba2 Bb6 13.dxc5 Qxd3 14.Rxd3 Bxc5 15.b4 Be7
16.Bb2 Bb7 17.Rdd1 Rfc8 18.Bb3 Rc7 19.Rac1 Rac8 20.h3 Kf8 21.Ba2 Nd7 22.Ne2
Nb6 23.Bb3 g6 24.Nf4 Ke8 25.Nd3 Nd7 26.Bc3 Na5 27.bxa5 Rxc3 28.Rxc3 Rxc3
29.Ba2 Rxa3 30.Bb1 Rxa5 31.Nd4 Ra4 32.f3 Rc4 {#R} 0-1

[Event "It (open) (juniors)"]
[Site "masterchessopen.com Hallsberg (Sweden)"]
[Date "1972.12.28"]
[Round "2"]
[White "Helmers Knut J (NOR)"]
[Black "Rorvall Goran (SWE)"]
[Result "0-1"]
[WhiteElo "2465"]
[BlackElo "2242"]

1.d4 Nf6 2.c4 e6 3.Nc3 Bb4 4.e3 c5 5.Bd3 O-O 6.Nf3 d5 7.O-O dxc4 8.Bxc4 Nc6
9.a3 Ba5 10.Bd3 Qe7 11.Qe2 Rd8 12.Rd1 e5 13.dxe5 Nxe5 14.Nxe5 Qxe5 15.h3 Be6
16.f4 Qc7 17.e4 Bb3 18.Re1 c4 19.Bb1 Qc5+ 20.Be3 Qh5 21.e5 Qxe2 22.Rxe2 Bxc3
23.bxc3 Rd1+ 24.Kh2 Nd5 25.Bd4 Nxf4 26.Rb2 g6 27.Raa2 Rxb1 {#R} 0-1

[Event "It"]
[Site "masterchessopen.com Caracas (Venezuela)"]
[Round "4"]
[White "Yepez Olavo (ECU)"]
[Black "Gonzales Eliseo (DOM)"]
[Result "1/2-1/2"]
[WhiteElo "2305"]
[BlackElo "2265"]

1.d4 Nf6 2.c4 e6 3.Nc3 Bb4 4.e3 c5 5.Bd3 O-O 6.Nf3 d5 7.O-O dxc4 8.Bxc4 Nc6
9.a3 Ba5 10.Qd3 a6 11.Rd1 b5 12.Ba2 c4 13.Qc2 Qe8 14.Ne5 Bb7 15.f4 Bxc3
16.bxc3 Nxe5 17.dxe5 Ne4 18.a4 Qc6 19.Bb1 Rad8 20.Rd4 Rxd4 21.exd4 f5 22.exf6
gxf6 23.Qxe4 Qxe4 24.Bxe4 Bxe4 25.Kf2 Ra8 26.g4 f5 27.Ke3 Bd5 28.h3 Kf7 29.Ba3
Bc6 30.Rb1 Rd8 31.Bc5 Ke8 32.Rg1 Kf7 33.a5 Be4 34.h4 Bd5 35.gxf5 exf5 36.Rg5
Be4 37.Bb6 Rd7 38.Bc5 h6 39.Rg1 Bd5 40.h5 Rd8 41.Rg6 Re8+ 42.Kf2 Re6 43.Rxe6
Kxe6 44.Bf8 Bc6 45.Kg3 Kf7 {#d} 1/2-1/2

[Event "It"]
[Site "masterchessopen.com Madrid (Spain)"]
[Round "0"]
[White "Portisch Lajos (HUN)"]
[Black "Furman Semen (RUS)"]
[Result "1/2-1/2"]
[WhiteElo "2650"]
[BlackElo "2540"]

1.d4 Nf6 2.c4 e6 3.Nc3 Bb4 4.e3 O-O 5.Bd3 d5 6.Nf3 c5 7.O-O dxc4 8.Bxc4 Nc6
9.a3 Ba5 10.Qd3 a6 11.dxc5 Qxd3 12.Bxd3 Bxc3 13.bxc3 Rd8 14.Bc2 Rd5 15.a4 Rxc5
16.Ba3 Rxc3 17.Rfc1 Kh8 18.Ng5 Nd8 19.Be7 h6 20.Bxf6 gxf6 21.Ne4 Rc4 22.Nxf6
Kg7 23.Nh5+ Kf8 24.Bd1 Rxc1 25.Rxc1 Ke7 26.Rc7+ Kd6 27.Rc4 b5 28.Rh4 Ke7
29.Kf1 Bd7 30.Ng3 bxa4 31.Bxa4 Bxa4 32.Rxa4 a5 33.Ne4 Nb7 34.Ke2 f5 35.Nc3 Nc5
36.Rc4 Kd6 37.Na4 Nxa4 38.Rxa4 Kc5 39.Kd3 Kb5 40.Rh4 Rc8 41.Rxh6 a4 42.Rh7 Kb6
43.Rh4 Kb5 44.Rh7 {#d} 1/2-1/2

[Event "Ch Netherlands (team)"]
[Site "masterchessopen.com Netherlands"]
[Round "1"]
[White "Van Scheltinga Theo D (NED)"]
[Black "Langeweg Kick (NED)"]
[Result "1/2-1/2"]
[WhiteElo "2330"]
[BlackElo "2430"]

1.d4 Nf6 2.c4 e6 3.Nf3 d5 4.Nc3 Bb4 5.e3 O-O 6.Bd3 c5 7.O-O dxc4 8.Bxc4 Nc6
9.a3 Ba5 10.Ne2 cxd4 11.Nexd4 Nxd4 12.Qxd4 Qxd4 13.Nxd4 Bd7 14.b4 Bb6 15.Bb2
Ba4 16.Rfc1 Rfd8 17.Be2 Rd7 18.Bf3 Ne8 19.Ne2 Nd6 20.Nc3 Bb3 21.Bd1 Bxd1
22.Rxd1 Rad8 23.Na4 Nc4 24.Rxd7 Rxd7 25.Rc1 f6 26.g3 Nxb2 27.Nxb2 {#d} 1/2-1/2

[Event "?"]
[Site "masterchessopen.com Yugoslavia"]
[Round "0"]
[White "Gligoric Svetozar (SRB)"]
[Black "Milicevic Miodrag (SRB)"]
[Result "1-0"]
[WhiteElo "2595"]
[BlackElo "2204"]

1.d4 Nf6 2.c4 e6 3.Nc3 Bb4 4.e3 c5 5.Bd3 O-O 6.Nf3 d5 7.O-O dxc4 8.Bxc4 Nc6
9.a3 Ba5 10.Bd3 cxd4 11.exd4 Bb6 12.Be3 Nd5 13.Nxd5 exd5 14.h3 Qd6 15.Rc1 Bc7
16.Rc3 Be6 17.Qc2 h6 18.Rc1 Bb6 19.Qd2 Rfc8 20.Bb1 Qf8 21.Qd3 g6 22.Qd2 Kh7
23.h4 Bg4 24.Nh2 Be6 25.h5 Ne7 26.Nf3 Rxc3 27.Rxc3 Rc8 28.Rxc8 Bxc8 29.Qb4 Qe8
30.Nh4 Nf5 31.hxg6+ fxg6 32.Nxf5 gxf5 33.Qd6 Be6 34.Qe5 Qg6 35.Bd3 Qf7 36.Bf4
Bd8 37.Qb8 Bb6 38.Be5 Kg6 39.Bb5 Bd7 40.Qd6+ Be6 41.b4 {#r} 1-0

[Event "It"]
[Site "masterchessopen.com Houston (USA)"]
[Round "4"]
[White "Matera Salvatore (J/U)"]
[Black "Damjanovic Mato (CRO)"]
[Result "0-1"]
[WhiteElo "2425"]
[BlackElo "2460"]

1.d4 Nf6 2.c4 e6 3.Nc3 Bb4 4.e3 c5 5.Bd3 O-O 6.Nf3 d5 7.O-O dxc4 8.Bxc4 Nc6
9.a3 Ba5 10.Bd3 cxd4 11.exd4 Bb6 12.Be3 h6 13.Bc2 Qe7 14.Qe2 Rd8 15.Rad1 Bd7
16.Ne4 Nxe4 17.Bxe4 f5 18.Bb1 Be8 19.Ba2 Bh5 20.d5 exd5 21.Bxd5+ Kh8 22.Rfe1
Bxe3 23.Qxe3 Qxe3 24.Rxe3 Rd6 25.Bb3 Rad8 26.Rxd6 Rxd6 27.Bc2 Bxf3 28.gxf3 g6
29.Ba4 Nd8 30.Re7 Kg8 31.Kf1 Kf8 32.Rc7 a5 33.Ke1 Rb6 34.Rc2 Ne6 35.Kd1 Ke7
36.Kc1 Rd6 37.Rc8 Kf6 38.Rb8 b6 39.Bb3 Nf4 40.Bc2 Nh3 {#R} 0-1

[Event "Olympiad"]
[Site "masterchessopen.com Nice (France)"]
[Round "0"]
[White "Visier Segovia Fernando (ESP)"]
[Black "Parma Bruno (SLO)"]
[Result "1/2-1/2"]
[WhiteElo "2345"]
[BlackElo "2510"]

1.d4 Nf6 2.c4 e6 3.Nc3 Bb4 4.e3 c5 5.Bd3 O-O 6.Nf3 d5 7.O-O dxc4 8.Bxc4 Nc6
9.a3 Ba5 10.Ba2 cxd4 11.exd4 Bb6 12.Be3 Nd5 13.Nxd5 exd5 14.Qd3 Ne7 15.Bf4 Bf5
16.Qd2 Nc6 17.Rfe1 Be4 18.Ng5 Bg6 19.Nf3 Rc8 20.Rac1 Be4 21.Ng5 Bf5 22.Nf3 Be4
23.Ng5 Bf5 24.Nf3 {#d} 1/2-1/2

[Event "?"]
[Site "masterchessopen.com Polanica Zdroj (Poland)"]
[Round "7"]
[White "Farago Ivan (HUN)"]
[Black "Lechtynsky Jiri (CZE)"]
[Result "0-1"]
[WhiteElo "2475"]
[BlackElo "2390"]

1.d4 Nf6 2.c4 e6 3.Nc3 Bb4 4.e3 O-O 5.Bd3 c5 6.Nf3 d5 7.O-O dxc4 8.Bxc4 Nc6
9.a3 Ba5 10.Na4 cxd4 11.exd4 a6 12.Ba2 Qd6 13.Bg5 Rd8 14.Bxf6 gxf6 15.Rc1 Nxd4
16.b4 Bb6 17.Nxb6 Qxb6 18.Nxd4 Qxd4 19.Qh5 Qe5 20.Qh3 f5 21.Rfe1 Qf4 22.Bb1
Rd2 23.Bxf5 Qxf2+ 24.Kh1 Qxf5 25.Qxf5 exf5 26.Re8+ Kg7 27.h3 b5 28.Rexc8 Rxc8
29.Rxc8 Rd3 30.Rc5 f4 31.Rf5 f3 32.Rxf3 Rxf3 33.gxf3 Kf6 34.Kg2 Ke5 35.Kg3 f5
36.Kf2 f4 37.Ke2 Kd4 38.Kd2 h6 39.h4 h5 {#R} 0-1

[Event "Ch DDR"]
[Site "masterchessopen.com Potsdam (Germany)"]
[Round "14"]
[White "Knaak Rainer (GER)"]
[Black "Gruenberg Hans-Ulrich (GER)"]
[Result "1-0"]
[WhiteElo "2515"]
[BlackElo "2402"]

1.d4 Nf6 2.c4 e6 3.Nc3 Bb4 4.e3 O-O 5.Bd3 c5 6.Nf3 d5 7.O-O dxc4 8.Bxc4 Nc6
9.a3 Ba5 10.Qd3 a6 11.Rd1 b5 12.Ba2 Bb6 13.Qe2 cxd4 14.exd4 Nxd4 15.Nxd4 Bxd4
16.Be3 e5 17.Bxd4 exd4 18.Qe5 Ra7 19.Rxd4 Rd7 20.Rad1 Re8 21.Rxd7 Qxd7 22.Rxd7
Bxd7 23.Qxe8+ Bxe8 24.b4 Kf8 25.f3 Ke7 26.Kf2 Bd7 27.Ke3 Be6 28.Bb1 h6 29.Kd4
Kd6 30.Be4 Nd7 31.Bb7 Nb8 32.Ne4+ Kc7 33.Nc5 Bc8 34.Bxc8 Kxc8 35.Kd5 Kc7 36.f4
Kb6 37.Kd6 Nc6 38.Nxa6 Nd4 39.Nc5 Nf5+ 40.Kd7 Ne3 41.g3 Nf1 42.Ke7 f5 43.Ke6
Nxh2 44.Kxf5 Nf1 45.Ne4 Kc6 46.Ke6 g6 47.g4 Ne3 48.f5 {#r} 1-0